Nicolas Sarkozy từ tòa thị chính Neuilly đến điện Elysése

Tallennettuna:
Bibliografiset tiedot
Päätekijä: Jeudy, De Bruno
Aineistotyyppi: Kirja
Kieli:Undetermined
Julkaistu: Hà Nội Hội nhà văn 2009
Aiheet:
Tagit: Lisää tagi
Ei tageja, Lisää ensimmäinen tagi!
Thư viện lưu trữ: Trung tâm Học liệu Trường Đại học Cần Thơ
LEADER 00691nam a2200217Ia 4500
001 CTU_181119
008 210402s9999 xx 000 0 und d
020 |c 30000 
082 |a 944.084092 
082 |b J43 
100 |a Jeudy, De Bruno 
245 0 |a Nicolas Sarkozy từ tòa thị chính Neuilly đến điện Elysése 
245 0 |c De Bruno Jeudy, Ludovic Vigogne ; Hiệu Constant (dịch) 
260 |a Hà Nội 
260 |b Hội nhà văn 
260 |c 2009 
650 |a Presidents,Tổng thống 
650 |x Biography,Tiểu sử 
650 |z France,Pháp 
904 |i Ngà,Hải 
980 |a Trung tâm Học liệu Trường Đại học Cần Thơ